近畿日本鉄道の駅(五十音順) - Statistics

General Stats
  • This quiz has been taken 28 times
  • The average score is 123 of 287
Answer Stats
頭文字 路線 駅名 % Correct
奈良線/生駒線/けいはんな線 生駒
91%
奈良線 石切
86%
大阪線/奈良線/難波線 大阪上本町
86%
難波線 大阪難波
86%
大阪線/名古屋線/山田線 伊勢中川
82%
南大阪線 大阪阿部野橋
82%
長野線 河内長野
82%
奈良線 近鉄奈良
82%
難波線 近鉄日本橋
82%
奈良線/京都線/橿原線 大和西大寺
82%
山田線/鳥羽線 宇治山田
77%
志摩線 賢島
77%
橿原線/南大阪線/吉野線 橿原神宮前
77%
奈良線 河内永和
77%
京都線 京都
77%
御所線 近鉄御所
77%
名古屋線 近鉄名古屋
77%
大阪線 近鉄八尾
77%
名古屋線/湯の山線 近鉄四日市
77%
奈良線 新大宮
77%
大阪線/橿原線 大和八木
77%
湯の山線 湯の山温泉
77%
吉野線 吉野
77%
吉野線 吉野口
77%
山田線 伊勢市
73%
けいはんな線 学研奈良登美ヶ丘
73%
名古屋線 近鉄蟹江
73%
京都線 近鉄丹波橋
73%
名古屋線 近鉄弥富
73%
名古屋線 桑名
73%
信貴線/西信貴鋼索線 信貴山口
73%
大阪線/奈良線 布施
73%
生駒鋼索線 生駒山上
68%
生駒線 王寺
68%
奈良線 河内小阪
68%
奈良線 河内花園
68%
名古屋線 近鉄富田
68%
名古屋線 近鉄長島
68%
湯の山線
68%
橿原線 田原本
68%
名古屋線
68%
大阪線/奈良線 鶴橋
68%
天理線 天理
68%
鳥羽線/志摩線 鳥羽
68%
大阪線 青山町
64%
奈良線 学園前
64%
道明寺線 柏原
64%
橿原線 近鉄郡山
64%
大阪線 近鉄下田
64%
大阪線 桜井
64%
鈴鹿線 鈴鹿市
64%
長野線 富田林
64%
南大阪線/長野線 古市
64%
山田線 松阪
64%
大阪線 大和高田
64%
奈良線 菖蒲池
59%
大阪線 伊賀神戸
59%
鳥羽線 五十鈴川
59%
名古屋線/鈴鹿線 伊勢若松
59%
大阪線/奈良線 今里
59%
志摩線 鵜方
59%
橿原線 畝傍御陵前
59%
大阪線 大阪教育大前
59%
南大阪線 橿原神宮西口
59%
けいはんな線 学研北生駒
59%
大阪線 河内国分
59%
南大阪線 河内松原
59%
大阪線/信貴線 河内山本
59%
名古屋線 近鉄八田
59%
京都線 近鉄宮津
59%
南大阪線/御所線 尺土
59%
けいはんな線 新石切
59%
田原本線 新王寺
59%
田原本線 西田原本
59%
大阪線 榛原
59%
奈良線 東生駒
59%
奈良線 東花園
59%
奈良線 瓢箪山
59%
南大阪線 藤井寺
59%
大阪線 大和朝倉
59%
奈良線 若江岩田
59%
大阪線 赤目口
55%
吉野線 飛鳥
55%
けいはんな線 荒本
55%
大阪線 榊原温泉口
55%
吉野線 下市口
55%
名古屋線 白子
55%
京都線 新田辺
55%
京都線 竹田
55%
京都線 東寺
55%
南大阪線/道明寺線 道明寺
55%
大阪線 名張
55%
大阪線 西青山
55%
奈良線 枚岡
55%
京都線 桃山御陵前
55%
南大阪線 八戸ノ里
55%
橿原線 尼ヶ辻
50%
大阪線 安堂
50%
京都線 伊勢田
50%
京都線 大久保
50%
大阪線 五位堂
50%
志摩線 志摩磯部
50%
大阪線 俊徳道
50%
京都線 高の原
50%
大阪線 高安
50%
奈良線 富雄
50%
けいはんな線 長田
50%
奈良線 額田
50%
大阪線 東青山
50%
橿原線 八木西口
50%
吉野線 吉野神宮
50%
鳥羽線 朝熊
45%
山田線 伊勢中原
45%
道明寺線 柏原南口
45%
京都線 木津川台
45%
大阪線 久宝寺口
45%
御所線 近鉄新庄
45%
橿原線 九条
45%
吉野線
45%
名古屋線 黄金
45%
京都線 新祝園
45%
名古屋線 津新町
45%
大阪線 二上
45%
鈴鹿線 平田町
45%
橿原線/天理線 平端
45%
橿原線 ファミリー公園前
45%
大阪線 弥刀
45%
吉野線 大和上市
45%
橿原線 石見
41%
京都線 小倉
41%
名古屋線 烏森
41%
大阪線 堅下
41%
南大阪線 河内天美
41%
大阪線 桔梗が丘
41%
湯の山線 菰野
41%
京都線 十条
41%
大阪線 大福
41%
吉野線 壺阪山
41%
大阪線 長瀬
41%
京都線 伏見
41%
京都線 平城
41%
生駒線 平群
41%
吉野線 六田
41%
大阪線 室生口大野
41%
京都線 山田川
41%
けいはんな線 吉田
41%
鳥羽線 池の浦
36%
名古屋線 伊勢朝日
36%
大阪線 伊勢石橋
36%
南大阪線 浮孔
36%
吉野線 岡寺
36%
御所線 忍海
36%
名古屋線
36%
吉野線 薬水
36%
京都線 狛田
36%
名古屋線 米野
36%
大阪線 三本松
36%
志摩線 志摩赤崎
36%
けいはんな線 白庭台
36%
大阪線 関屋
36%
南大阪線 高田市
36%
南大阪線 二上神社口
36%
名古屋線 久居
36%
大阪線 耳成
36%
山田線 明野
32%
大阪線 伊賀上津
32%
湯の山線 伊勢松本
32%
南大阪線 恵我ノ荘
32%
大阪線 大三
32%
大阪線 恩智
32%
橿原線 笠縫
32%
京都線 上鳥羽口
32%
志摩線 上之郷
32%
大阪線 川合高岡
32%
長野線 川西
32%
名古屋線 北楠
32%
京都線 興戸
32%
山田線 斎宮
32%
志摩線 志摩神明
32%
志摩線 志摩横山
32%
天理線 前栽
32%
京都線 富野荘
32%
長野線 富田林西口
32%
天理線 二階堂
32%
橿原線 西ノ京
32%
南大阪線 二上山
32%
橿原線 新ノ口
32%
南大阪線 土師ノ里
32%
山田線 東松阪
32%
生駒線 南生駒
32%
京都線 三山木
32%
山田線 明星
32%
南大阪線 矢田
32%
名古屋線 阿倉川
27%
吉野線 市尾
27%
生駒線 一分
27%
南大阪線 今川
27%
南大阪線 磐城
27%
湯の山線 大羽根園
27%
南大阪線 上ノ太子
27%
名古屋線 川越富洲原
27%
名古屋線 川原町
27%
長野線 喜志
27%
京都線 久津川
27%
吉野線 越部
27%
南大阪線 河堀口
27%
名古屋線 佐古木
27%
生駒線 信貴山下
27%
南大阪線 当麻寺
27%
西信貴鋼索線 高安山
27%
長野線 滝谷不動
27%
大阪線 築山
27%
京都線 寺田
27%
名古屋線 富吉
27%
生駒鋼索線 鳥居前
27%
志摩線 中之郷
27%
大阪線 長谷寺
27%
生駒線 東山
27%
吉野線 福神
27%
生駒鋼索線 宝山寺
27%
大阪線 法善寺
27%
大阪線 真菅
27%
山田線 松ヶ崎
27%
名古屋線 南が丘
27%
大阪線 美旗
27%
京都線 向島
27%
名古屋線 桃園
27%
鈴鹿線
27%
橿原線 結崎
27%
湯の山線 伊勢川島
23%
名古屋線 江戸橋
23%
吉野線 大阿太
23%
山田線 小俣
23%
志摩線 加茂
23%
南大阪線 北田辺
23%
志摩線 沓掛
23%
山田線 漕代
23%
志摩線 五知
23%
長野線 汐ノ宮
23%
名古屋線 塩浜
23%
志摩線 白木
23%
名古屋線 高田本山
23%
南大阪線 高見ノ里
23%
名古屋線 千里
23%
名古屋線 鼓ヶ浦
23%
湯の山線 中川原
23%
名古屋線 長太ノ浦
23%
生駒線 菜畑
23%
田原本線 箸尾
23%
南大阪線 針中野
23%
南大阪線 坊城
23%
大阪線 松塚
23%
名古屋線 海山道
23%
田原本線 池部
18%
名古屋線 磯山
18%
生駒鋼索線 梅屋敷
18%
名古屋線 霞ヶ浦
18%
山田線 櫛田
18%
田原本線 黒田
18%
南大阪線 駒ヶ谷
18%
田原本線 佐味田川
18%
名古屋線 白塚
18%
名古屋線 新正
18%
南大阪線 高鷲
18%
田原本線 但馬
18%
生駒線 竜田川
18%
名古屋線 戸田
18%
湯の山線 中菰野
18%
南大阪線 布忍
18%
名古屋線 伏屋
18%
名古屋線 益生
18%
鈴鹿線 三日市
18%
山田線 宮町
18%
生駒線 元山上口
18%
志摩線 穴川
14%
田原本線 大輪田
14%
生駒鋼索線 霞ヶ丘
14%
生駒線 勢野北口
14%
名古屋線 千代崎
14%
橿原線 筒井
14%
名古屋線 豊津上野
14%
信貴線 服部川
14%
志摩線 船津
14%
名古屋線 箕田
14%
湯の山線 高角
9%
志摩線 松尾
9%
生駒線 萩の台
5%
No matching quizzes found
Score Distribution
Percent of People with Each Score
Percentile by Number Answered
Your Score History
You have not taken this quiz